| 000 | 00461cam a2200181ua 4500 | ||
|---|---|---|---|
| 020 | _c5.00 | ||
| 041 |
_amal _h |
||
| 082 |
_a894.812 803 55 _bMAD/SA |
||
| 100 | _aMadhava Menon, B . | ||
| 245 |
_aSancharangal Indiayilum purathum / _cB Madhava Menon. _hTextual Documents |
||
| 260 |
_aEranakulam : _bC I C C Book House , _c1966. |
||
| 300 | _a308 ; . | ||
| 365 | _a5.00 | ||
| 504 | _a | ||
| 942 | _cBK | ||
| 999 |
_c4709 _d4709 |
||